| 000 | 01177nam a2200337 i 4500 | ||
|---|---|---|---|
| 003 | EG-GICUC | ||
| 005 | 20260422094000.0 | ||
| 008 | 260422s1913 fr aodafr|||| 001 0 fre d | ||
| 040 |
_aEG-GiCUC _bfre _cEG-GiCUC _dEG-GiCUC _eRda |
||
| 041 | 0 | _afre | |
| 082 | 0 | 4 |
_221 _a343.63 _bNA . J |
| 092 | 0 | 4 | _221 |
| 099 | _aLaw1 10 343.63 Na . J 1 ed - 1913 | ||
| 100 | 1 |
_a Nachât, Hassan. _eAuteur |
|
| 245 | 1 |
_aLes Jeunes Délinquants/ _c Hassan Nachât. |
|
| 264 |
_a Paris : _b Librairie Nouvelle de Droit et de Jurisprudence, Arthur Rousseau, éditeur, _c1913. |
||
| 300 |
_a410 page ; _c 24 cm. |
||
| 336 |
_2rda contenu _a texte |
||
| 337 |
_2rda medias _aOrdinateur |
||
| 338 |
_2 transporteur rda _a Ressource en ligne |
||
| 500 | _aDocteur en droit, Avocat honoraire au Barreau Égyptien. | ||
| 504 | _aComprend des références bibliographiques. | ||
| 546 | _aTexte en français | ||
| 650 | 1 | 4 |
_aDroit pénal. _2qrmak |
| 651 | 1 | _2qrmak | |
| 710 | _a Librairie Nouvelle de Droit et de Jurisprudence. | ||
| 710 | _a Arthur Rousseau (Éditeur). | ||
| 856 | 4 | 0 | _uhttps://fll.law.cu.edu.eg/fulltext/bks/B10-11475.pdf |
| 905 | _a171 | ||
| 942 |
_2ddc _cBK _e21 _n0 |
||
| 999 |
_c72783 _d72783 |
||